La obra de arte en la época de su reproductibilidad técnica.

Saved in:
Bibliographic Details
Main Author: Benjamin, Walter 1892-1940 (autor)
Other Authors: Santos, Felisa (prólogo, notas y traducción)
Format: Book
Published: Ciudad Autónoma de Buenos Aires, Argentina: Ediciones Godot, 2019.
Edition:1a ed.
Subjects:
Tags: Add Tag
No Tags, Be the first to tag this record!

MARC

LEADER 00000nam a22000007a 4500
003 CL-VaPUC
005 20240731101541.0
008 220802t2019 ||||| |||| 00| 0 eng d
999 |c 437848  |d 437846 
020 |a 978-987-4086-66-2 
040 |c Pontificia Universidad Católica de Valparaíso 
082 7 |a 701.17 BEN 2019  |2 22 
100 |a Benjamin, Walter  |9 269121  |d 1892-1940  |e autor 
245 |a La obra de arte en la época de su reproductibilidad técnica. 
250 |a 1a ed. 
260 |a Ciudad Autónoma de Buenos Aires, Argentina:  |b Ediciones Godot,  |c 2019. 
300 |a 209 páginas. 
500 |a c.1 Donación Francisco Vera Muñoz. Titulado Diseño. ARQ 08/2021. 11/07/2022 
583 |c 20220802  |k Catalogador Asistente 
650 |a Arte y sociedad   |9 306277 
650 |a Filosofía del arte   |9 264951 
650 |a Fotografía en arte   |9 874978 
650 0 |a Arte   |y Siglo 20  |9 267709 
700 |a Santos, Felisa  |e prólogo, notas y traducción  |9 874570 
942 |2 ddc  |c BK 
952 |0 0  |1 0  |2 ddc  |4 0  |6 701_170000000000000_BEN_2019  |7 0  |8 A  |9 585693  |a BIBARQ  |b BIBARQ  |d 2022-08-02  |e Donación  |i 5653739  |l 3  |o 701.17 BEN 2019  |p 5653739  |r 2025-03-26  |s 2025-03-19  |t 1  |w 2022-08-02  |y BK  |k ARQ